[Event "EYCC Girls U16 2018"]
[Site "Riga"]
[Date "2018.08.27"]
[Round "7"]
[White "Jarocka, Liwia"]
[Black "Khachatryan, Anna"]
[Result "0-1"]
[WhiteElo "2013"]
[BlackElo "1969"]
[Annotator "NA"]
[PlyCount "156"]
[EventDate "2018.08.20"]
[EventType "swiss"]
[EventCountry "LAT"]
[SourceTitle "playchess.com"]
[Source "ChessBase"]
[SourceQuality "1"]
[TimeControl "40/5400+30:1800+30"]

1. e4 {[%emt 0:00:00]} c5 {[%emt 0:00:00]} 2. Nf3 {[%emt 0:00:00]} Nc6 {[%emt 0:00:00]} 3. d4 {[%emt 0:00:00]} cxd4 {[%emt 0:00:00]} 4. Nxd4 {[%emt 0:00:00]} g6 {[%emt 0:00:00]} 5. Nc3 {[%emt 0:00:05]} Bg7 {[%emt 0:00:00]} 6. Be3 {[%emt 0:00:06]} Nf6 {[%emt 0:00:08]} 7. Bc4 {[%emt 0:00:43]} O-O {[%emt 0:00:11]} 8. Bb3 {[%emt 0:00:21]} a5 {[%emt 0:00:09]} 9. O-O {[%emt 0:00:39]} a4 {[%emt 0:00:19]} 10. Nxa4 {[%emt 0:00:14]} Nxe4 {[%emt 0:00:23]} 11. Nb5 {[%emt 0:00:31]} Ra6 {[%emt 0:01:31] B35: Sicilian: Accelerated Dragon with 5 Nc3: main line} 12. Qe2 {[%emt 0:00:19]} (12. f3 Nf6 13. c4 d6 14. Nac3 Na5 15. Rc1 Be6 16. Ne2 d5 17. c5 Nxb3 18. axb3 Bd7 19. Nbc3 {1-0 (36) Almasi,Z (2689)-Istratescu,A (2602) Bastia 2015}) 12... Na5 {[%emt 0:07:47]} 13. c4 {[%emt 0:06:50]} Nxb3 {[%emt 0:04:04]} 14. axb3 {[%emt 0:00:06]} Nf6 {[%emt 0:10:25]} 15. Rfe1 {[%emt 0:02:08]} d6 {[%emt 0:02:57]} 16. h3 {[%emt 0:05:33]} Bd7 {[%emt 0:01:26]} 17. Rad1 {[%emt 0:02:21]} Bxb5 {[%emt 0:07:41]} 18. cxb5 {[%emt 0:00:14]} Ra8 {[%emt 0:00:19]} 19. Bb6 {[%emt 0:00:05]} Qd7 $146 {[%emt 0:00:00]} 20. Qxe7 {[%emt 0:02:59]} Qxb5 {[%emt 0:00:02]} 21. Qxd6 {[%emt 0:02:05]} Qxb3 {[%emt 0:04:01]} 22. Nc5 {[%emt 0:03:26]} Qxb2 {[%emt 0:00:16]} 23. Rb1 {[%emt 0:04:49]} Qc2 {[%emt 0:01:54]} 24. Rbc1 {[%emt 0:09:55]} Qb2 {[%emt 0:06:45]} 25. Nd3 {[%emt 0:17:38]} Qb5 {[%emt 0:03:26]} 26. Rb1 {[%emt 0:15:05]} Qc6 {[%emt 0:04:33]} 27. Qxc6 {[%emt 0:04:23]} bxc6 {[%emt 0:01:11]} 28. Ne5 {[%emt 0:02:19]} Rfc8 {[%emt 0:01:35]} 29. Rec1 {[%emt 0:02:34]} Nd5 {[%emt 0:01:44]} 30. Nc4 {[%emt 0:01:45]} Nc3 {[%emt 0:02:50]} 31. Rb2 {[%emt 0:01:39]} Na2 {[%emt 0:03:25]} 32. Rxa2 {[%emt 0:00:07]} Rxa2 {[%emt 0:00:05]} 33. Nd6 {[%emt 0:00:47]} Rca8 34. Rxc6 {[%emt 0:00:30]} Ra1+ {[%emt 0:02:02]} 35. Kh2 {[%emt 0:00:05]} Rd1 {[%emt 0:02:51]} 36. g3 {[%emt 0:02:19]} h5 {[%emt 0:01:23]} 37. Ne4 {[%emt 0:00:18]} h4 {[%emt 0:01:39]} 38. gxh4 {[%emt 0:01:13]} Be5+ 39. Kg2 {[%emt 0:00:00]} Kg7 {[%emt 0:00:00]} 40. Be3 {[%emt 0:00:00]} Ra4 {[%emt 0:00:00]} 41. Ng5 {[%emt 0:04:36]} Rxh4 {[%emt 0:14:51]} 42. Nf3 {[%emt 0:02:43]} Rh5 {[%emt 0:00:04]} 43. Rc5 {[%emt 0:01:15]} Bf6 {[%emt 0:00:36]} 44. Rc7 {[%emt 0:00:30]} Ra5 {[%emt 0:02:42]} 45. h4 {[%emt 0:00:42]} Rad5 {[%emt 0:15:58]} 46. Ng5 {[%emt 0:00:55]} Rd7 {[%emt 0:02:08]} 47. Rc4 {[%emt 0:00:38]} Rb1 {[%emt 0:03:49]} 48. Ra4 {[%emt 0:01:03]} Rdb7 {[%emt 0:02:10]} 49. Ra8 {[%emt 0:04:33]} R1b4 {[%emt 0:00:26]} 50. Bc5 {[%emt 0:00:55]} Rb8 {[%emt 0:03:24]} 51. Ra7 {[%emt 0:01:10]} R4b7 {[%emt 0:00:02]} 52. Ra2 {[%emt 0:03:22]} Rb5 {[%emt 0:01:11]} 53. Be3 {[%emt 0:00:12]} Rb4 {[%emt 0:00:16]} 54. Kg3 {[%emt 0:05:39]} Be5+ {[%emt 0:01:12]} 55. Kg2 {[%emt 0:00:24]} R8b7 {[%emt 0:01:32]} 56. Kh3 {[%emt 0:00:34]} Rb1 {[%emt 0:00:33]} 57. Kg2 {[%emt 0:01:27]} Ra1 {[%emt 0:01:14]} 58. Rc2 {[%emt 0:00:26]} Ra4 {[%emt 0:03:12]} 59. Rc8 {[%emt 0:03:00]} Rc7 {[%emt 0:04:23]} ({Less strong is} 59... Rxh4 60. Nf3 $15) 60. Re8 {[%emt 0:00:29]} Bf6 {[%emt 0:00:07]} 61. Ne4 {[%emt 0:06:52]} Bxh4 {[%emt 0:09:07]} 62. Bf4 {[%emt 0:00:57]} Rcc4 {[%emt 0:01:03]} 63. Be5+ {[%emt 0:00:10]} f6 {[%emt 0:00:03]} 64. Re7+ {[%emt 0:00:27]} Kf8 {[%emt 0:01:41]} 65. Bd6 {[%emt 0:00:43]} Kg8 {[%emt 0:00:04]} 66. Re8+ {[%emt 0:02:15]} Kh7 {[%emt 0:00:22]} 67. Re7+ {[%emt 0:00:33]} Kh6 {[%emt 0:00:17]} 68. f3 {[%emt 0:00:17]} Ra6 {[%emt 0:03:46]} 69. Rf7 {[%emt 0:00:57]} Rxe4 {[%emt 0:00:32]} 70. Bf8+ {[%emt 0:00:15]} Kg5 {[%emt 0:00:23]} 71. fxe4 {[%emt 0:00:04]} Kf4 {[%emt 0:00:42]} 72. Kh3 $19 {[%emt 0:00:25]} Bf2 {[%emt 0:00:24]} 73. Re7 {[%emt 0:01:12]} Bd4 {[%emt 0:00:13]} 74. Bg7 {[%emt 0:02:45]} Be5 {[%emt 0:00:11]} 75. Kh4 {[%emt 0:00:43]} Ra2 {[%emt 0:00:47]} 76. Kh3 {[%emt 0:00:11]} Kf3 {[%emt 0:00:06]} 77. Rxe5 {[%emt 0:00:32]} fxe5 {[%emt 0:00:04]} 78. Bxe5 {[%emt 0:00:04]} Ra5 {[%emt 0:00:14]} 0-1

[Event "EYCC Girls U16 2018"]
[Site "Riga"]
[Date "2018.08.27"]
[Round "7"]
[White "Zotova, Anastasia"]
[Black "Schneider, Jana"]
[Result "0-1"]
[WhiteElo "2006"]
[BlackElo "2179"]
[Annotator "TA"]
[PlyCount "82"]
[EventDate "2018.08.20"]
[EventType "swiss"]
[EventCountry "LAT"]
[SourceTitle "playchess.com"]
[Source "ChessBase"]
[SourceQuality "1"]

{[%evp 13,82,14,27,2,17,20,22,18,29,38,29,10,31,16,18,6,17,11,49,47,45,43,37,26,68,29,35,37,35,24,22,15,32,14,4,0,0,0,10,0,0,0,28,25,69,54,73,88,128,129,129,128,136,149,139,-86,-91,-98,-104,-855,-831,-29993,-29994,-29994,-29995,-29995,-29996,-29996,-29997,-29997,-29998]} 1. e4 c6 2. d4 d5 3. Nc3 dxe4 4. Nxe4 Nf6 5. Nxf6+ exf6 6. Be3 Bd6 {B15: Caro-Kann (Flohr-Variante)} 7. Bd3 O-O {LiveBook: 5 Partien} 8. Ne2 (8. Nf3 {is interesting.} Na6 9. c3 Nc7 10. Qc2 Kh8 11. O-O) 8... Re8 {Die Stellung ist ausgeglichen.} 9. O-O (9. Qd2 Bg4 10. O-O Nd7 11. c4 Bxe2 12. Qxe2 Qc7 13. h3 c5 14. Qc2 {½-½ (37) Li,C (2613)-Zhao,Z (2592) Parramatta 2010}) 9... Qc7 $146 ({Vorgänger:} 9... Bg4 10. h3 Bh5 11. Qd2 Nd7 12. Rfe1 Bg6 13. Bxg6 hxg6 14. c4 {½-½ (42) Johner,H-Pfeiffer,G Bern 1957}) 10. h3 Nd7 11. c4 Nf8 12. Qc2 Be6 13. c5 Be7 $1 ({Viel schwächer wäre} 13... Bh2+ $6 14. Kh1 $16) 14. Nf4 g6 $1 15. Rad1 Rad8 16. Bc4 f5 17. d5 cxd5 $1 18. Bxd5 Bf6 19. Qb3 Rd7 20. Bxe6 fxe6 21. Rxd7 Qxd7 22. Rd1 Qf7 23. Qa4 Bxb2 24. Qxa7 {zielt auf Tb1 ab.} Bf6 25. Qa4 g5 26. Nd3 f4 27. Bc1 Ng6 28. c6 $36 {[%mdl 2048] Droht cxb7 und aus. Weiss hat gut koordiniertes Spiel.} bxc6 29. Nc5 Ne5 30. Ne4 {[%mdl 1024] Weiss hat starke Kompensation.} Rf8 31. Ba3 Be7 32. Bb2 Qf5 33. Kh2 $1 c5 34. Nd6 $2 (34. f3 $16 {ist nötig, um Vorteil zu sichern.}) 34... Bxd6 $1 $17 35. Rxd6 {[#]} f3 $1 {[%cal Rf3g2] Droht stark ...fxg2.} 36. g4 $2 {[%mdl 8192] [#]} (36. Rd2 $17) 36... Qb1 $1 $19 {[%cal Rb1f1] ( -> ...Df1)} ({Lieber nicht} 36... Qf6 37. Kg1 $11) 37. Qb3 Qf1 {[%csl Gf3][%cal Rf1g2] Schwarz setzt Matt.} 38. Qxe6+ Nf7 {[%csl Gf3][%cal Rf1g2]} 39. Qg6+ hxg6 40. Rxg6+ Kh7 {[%csl Gf3][%cal Rf1g2]} 41. Rg7+ Kh6 {Precision: Weiß = 38%, Schwarz = 58%.} 0-1

[Event "EYCC Girls U16 2018"]
[Site "Riga"]
[Date "2018.08.27"]
[Round "7"]
[White "Rudzinska, Michalina"]
[Black "Kucharska, Honorata"]
[Result "1/2-1/2"]
[WhiteElo "2003"]
[BlackElo "2030"]
[Annotator "NA"]
[PlyCount "50"]
[EventDate "2018.08.20"]
[EventType "swiss"]
[EventCountry "LAT"]
[SourceTitle "playchess.com"]
[Source "ChessBase"]
[SourceQuality "1"]
[TimeControl "40/5400+30:1800+30"]

1. e4 {[%emt 0:00:00]} d6 {[%emt 0:00:00]} 2. d4 {[%emt 0:00:00]} Nf6 {[%emt 0:00:00]} 3. Nc3 {[%emt 0:00:00]} e5 {[%emt 0:00:00]} 4. Nf3 {[%emt 0:00:00]} Nbd7 {[%emt 0:00:00]} 5. Bc4 {[%emt 0:00:07]} Be7 {[%emt 0:00:00]} 6. O-O {[%emt 0:00:09]} O-O {[%emt 0:00:00]} 7. Re1 {[%emt 0:00:10]} c6 {[%emt 0:01:26]} 8. a4 {[%emt 0:00:09]} a5 {[%emt 0:00:26]} 9. h3 {[%emt 0:00:14]} Nb6 {[%emt 0:00:51] C41: Philidor Defence} (9... Re8 10. Ba2 Bf8 11. Be3 Qc7 12. Ng5 Re7 13. f4 b6 14. fxe5 dxe5 15. d5 cxd5 16. exd5 {1-0 (16) Wang,H (2709)-Ivanchuk,V (2726) Huaian 2017}) 10. Ba2 {[%emt 0:01:18]} Nfd7 {[%emt 0:00:40]} 11. Be3 {[%emt 0:01:54]} exd4 {[%emt 0:01:05]} 12. Bxd4 {[%emt 0:00:51]} Nc5 {[%emt 0:00:38]} 13. Bxc5 dxc5 {[%emt 0:00:04]} 14. Qe2 {[%emt 0:02:02]} Qd6 {[%emt 0:00:59]} 15. Rad1 {[%emt 0:05:29]} Qh6 {[%emt 0:02:26]} 16. Nh2 {[%emt 0:10:31]} Be6 {[%emt 0:06:32]} 17. Bxe6 {[%emt 0:00:27]} fxe6 $146 {[%emt 0:02:31]} ({Predecessor:} 17... Qxe6) 18. Ng4 {[%emt 0:06:34]} Qg5 {[%emt 0:01:55]} 19. Rd3 {[%emt 0:01:31]} h5 {[%emt 0:06:36]} 20. Nh2 {[%emt 0:01:25]} Rad8 $11 {[%emt 0:02:31]} 21. Red1 {[%emt 0:05:59]} Rxd3 {[%emt 0:05:42]} 22. Rxd3 {[%emt 0:05:25]} c4 {[%emt 0:06:22]} 23. Rd1 {[%emt 0:07:22]} Bc5 {[%emt 0:04:34]} 24. Nf3 {[%emt 0:02:55]} Qf4 {[%emt 0:02:05]} 25. Rd2 {[%emt 0:09:41]} e5 {[%emt 0:10:53]} 1/2-1/2

[Event "EYCC Girls U16 2018"]
[Site "Riga"]
[Date "2018.08.27"]
[Round "7"]
[White "Nestorovic, Katarina"]
[Black "Bulatova, Kamaliya"]
[Result "0-1"]
[WhiteElo "1995"]
[BlackElo "2043"]
[Annotator "NA"]
[PlyCount "88"]
[EventDate "2018.08.20"]
[EventType "swiss"]
[EventCountry "LAT"]
[SourceTitle "playchess.com"]
[Source "ChessBase"]
[SourceQuality "1"]
[TimeControl "40/5400+30:1800+30"]

1. e4 {[%emt 0:00:00]} c5 {[%emt 0:00:00]} 2. Nf3 {[%emt 0:00:00]} d6 {[%emt 0:00:00]} 3. d4 {[%emt 0:00:00]} cxd4 {[%emt 0:00:00]} 4. Nxd4 {[%emt 0:00:00]} Nf6 $11 {[%emt 0:00:00]} 5. Nc3 {[%emt 0:00:00]} a6 {[%emt 0:00:00]} 6. Nb3 {[%emt 0:00:15]} e6 {[%emt 0:00:18]} 7. g4 {[%emt 0:00:25]} b5 {[%emt 0:00:20]} 8. Bg2 {[%emt 0:00:36]} Bb7 {[%emt 0:00:05]} 9. a3 {[%emt 0:00:29]} Be7 {[%emt 0:01:11]} 10. Qe2 {[%emt 0:01:20]} Nc6 {[%emt 0:01:23]} 11. f4 {[%emt 0:00:32]} Nd7 {[%emt 0:02:05]} 12. g5 {[%emt 0:06:05]} Nb6 {[%emt 0:04:27]} 13. Bd2 {[%emt 0:01:25]} Rc8 {[%emt 0:04:42]} 14. O-O-O {[%emt 0:00:56]} Nc4 {[%emt 0:04:21]} 15. h4 {[%emt 0:04:05]} N6a5 {[%emt 0:17:30]} 16. Nxa5 {[%emt 0:12:05]} Qxa5 {[%emt 0:04:21]} 17. Na2 {[%emt 0:03:26]} Qb6 {[%emt 0:13:06]} 18. Rh3 {[%emt 0:05:32]} a5 {[%emt 0:03:15]} 19. f5 {[%emt 0:21:18]} b4 {[%emt 0:11:15]} 20. axb4 {[%emt 0:17:09]} axb4 {[%emt 0:01:38]} 21. Bxb4 {[%emt 0:05:20]} Qa6 {[%emt 0:03:33]} 22. b3 {[%emt 0:02:50]} Qxa2 {[%emt 0:02:31]} 23. bxc4 {[%emt 0:00:41]} Qa1+ {[%emt 0:06:42]} 24. Kd2 {[%emt 0:00:09]} Qa4 {[%emt 0:00:07]} 25. Rb1 {[%emt 0:03:24]} Ba6 {[%emt 0:07:30]} 26. Ra3 {[%emt 0:03:59]} Qc6 {[%emt 0:00:01]} 27. e5 {[%emt 0:02:57]} d5 {[%emt 0:03:28]} 28. Bxe7 {[%emt 0:00:41]} Kxe7 {[%emt 0:00:58]} 29. Qf2 {[%emt 0:02:49]} Qxc4 {[%emt 0:01:49]} 30. Qa7+ {[%emt 0:04:34]} Rc7 {[%emt 0:00:04]} 31. Qxa6 {[%emt 0:00:17]} Qxc2+ 32. Ke3 d4+ {[%emt 0:02:14]} 33. Kf3 {[%emt 0:01:11]} Qxf5+ {[%emt 0:00:13]} 34. Kg3 {[%emt 0:00:23]} Qxe5+ {[%emt 0:00:10]} 35. Kf2 {[%emt 0:01:01]} Qf5+ {[%emt 0:02:25]} 36. Rf3 {[%emt 0:00:07]} Qxb1 {[%emt 0:01:29]} 37. Qa3+ {[%emt 0:00:01]} Kd8 {[%emt 0:00:13]} 38. Qa8+ {[%emt 0:00:06]} Rc8 {[%emt 0:00:12]} 39. Qa5+ {[%emt 0:00:04]} Rc7 {[%emt 0:03:53]} 40. Qa8+ {[%emt 0:00:00]} Ke7 {[%emt 0:00:00]} 41. Qxh8 {[%emt 0:04:01]} Rc2+ {[%emt 0:00:58]} 42. Kg3 {[%emt 0:00:13]} Qg1 {[%emt 0:00:21]} 43. Qxg7 {[%emt 0:03:39]} Rxg2+ {[%emt 0:00:18]} 44. Kf4 {[%emt 0:00:05]} Rg4+ {[%emt 0:00:08]} 0-1

[Event "EYCC Girls U16 2018"]
[Site "Riga"]
[Date "2018.08.27"]
[Round "7"]
[White "Verbin, Valentina"]
[Black "Malicka, Maria"]
[Result "1-0"]
[WhiteElo "1838"]
[BlackElo "2047"]
[Annotator "NA"]
[PlyCount "101"]
[EventDate "2018.08.20"]
[EventType "swiss"]
[EventCountry "LAT"]
[SourceTitle "playchess.com"]
[Source "ChessBase"]
[SourceQuality "1"]
[TimeControl "40/5400+30:1800+30"]

1. e4 {[%emt 0:00:00]} e5 {[%emt 0:00:00]} 2. Nf3 {[%emt 0:00:00]} Nc6 {[%emt 0:00:00]} 3. Bb5 {[%emt 0:00:00]} g6 {[%emt 0:00:00]} 4. c3 {[%emt 0:00:00]} a6 {[%emt 0:00:04]} 5. Ba4 {[%emt 0:00:04]} d6 {[%emt 0:00:14]} 6. d4 {[%emt 0:00:17]} Bd7 {[%emt 0:00:14]} 7. Be3 {[%emt 0:01:55]} Bg7 {[%emt 0:01:51]} 8. O-O {[%emt 0:00:35]} Nf6 {[%emt 0:06:17]} 9. Nbd2 {[%emt 0:00:41]} O-O {[%emt 0:03:42]} 10. h3 {[%emt 0:05:26] C76: Spanische Partie (Moderne Steinitz-Verteidigung)} (10. Re1 Qe8 11. Bxc6 Bxc6 12. dxe5 Ng4 13. exd6 Nxe3 14. Rxe3 Rd8 15. e5 cxd6 16. exd6 Qd7 17. Nc4 Bb5 {1-0 (47) Alekseev,E (2616)-Van Foreest,J (2629) Riadh 2017}) 10... Re8 {[%emt 0:16:30]} 11. Bc2 {[%emt 0:01:56]} exd4 {[%emt 0:02:02]} 12. Nxd4 {[%emt 0:12:59]} d5 {[%emt 0:06:26]} 13. Bg5 $146 {[%emt 0:01:38]} ({Vorgänger:} 13. exd5 Nxd5 14. Bb3 Nxe3 15. fxe3 Re7 16. Bd5 Qe8 {½-½ (16) Sir,Z-Pliva,V Karvina 1987}) 13... Nxd4 {[%emt 0:06:03]} 14. cxd4 {[%emt 0:00:44]} h6 {[%emt 0:05:36]} 15. Bxf6 {[%emt 0:01:46]} Qxf6 {[%emt 0:00:26]} 16. e5 {[%emt 0:01:27]} Qf4 {[%emt 0:10:08]} 17. Nb3 {[%emt 0:07:40]} b6 {[%emt 0:06:14]} 18. g3 {[%emt 0:01:05]} Qg5 {[%emt 0:00:18]} 19. Kh2 f5 {[%emt 0:03:28]} 20. f4 {[%emt 0:07:10]} Qe7 {[%emt 0:00:09]} 21. Qf3 {[%emt 0:15:27]} Be6 {[%emt 0:08:09]} 22. a4 {[%emt 0:05:38]} c5 {[%emt 0:03:01]} 23. a5 {[%emt 0:00:19]} c4 {[%emt 0:00:34]} 24. Nd2 {[%emt 0:01:27]} Qb4 {[%emt 0:02:54]} 25. Qc3 {[%emt 0:01:17]} bxa5 {[%emt 0:04:29]} 26. Rxa5 {[%emt 0:09:30]} Reb8 {[%emt 0:00:20]} 27. Rb1 {[%emt 0:00:19]} Bf8 {[%emt 0:04:48]} 28. g4 {[%emt 0:03:09]} Kf7 {[%emt 0:05:13]} 29. gxf5 {[%emt 0:00:20]} gxf5 {[%emt 0:00:08]} 30. Ra4 {[%emt 0:09:44]} Qb6 {[%emt 0:01:45]} 31. Qe3 {[%emt 0:05:49]} Be7 {[%emt 0:01:31]} 32. b3 {[%emt 0:02:13]} cxb3 {[%emt 0:01:22]} 33. Rxb3 {[%emt 0:01:04]} Qc6 {[%emt 0:00:19]} 34. Rc3 {[%emt 0:00:06]} Qb5 {[%emt 0:00:57]} 35. Qf3 {[%emt 0:01:24]} Kg6 {[%emt 0:01:25]} 36. Ra1 {[%emt 0:01:34]} Kh7 {[%emt 0:00:37]} 37. Qh5 {[%emt 0:02:14]} Qd7 {[%emt 0:00:04]} 38. Ba4 {[%emt 0:01:08]} Qa7 {[%emt 0:00:41]} 39. Nf3 {[%emt 0:00:26]} Rb2+ {[%emt 0:00:31]} 40. Bc2 {[%emt 0:00:00]} Rg8 {[%emt 0:00:00]} 41. Kh1 {[%emt 0:01:25]} Qd7 {[%emt 0:09:42]} 42. Rxa6 {[%emt 0:01:59]} Rxc2 {[%emt 0:05:38]} 43. Rxc2 $18 {[%emt 0:00:20]} Qb5 {[%emt 0:02:49]} 44. Raa2 {[%emt 0:04:30]} Qf1+ {[%emt 0:09:29]} 45. Kh2 {[%emt 0:00:04]} Rg7 {[%emt 0:01:40]} 46. Rg2 {[%emt 0:01:19]} Bf7 47. Qxf5+ {[%emt 0:05:00]} Bg6 {[%emt 0:00:25]} 48. Qg4 {[%emt 0:01:14]} Bf8 49. f5 {[%emt 0:04:21]} Be8 {[%emt 0:00:20]} 50. Qf4 {[%emt 0:00:04]} Bh5 {[%emt 0:00:24]} 51. Ng5+ 1-0

[Event "EYCC Girls U16 2018"]
[Site "Riga"]
[Date "2018.08.28"]
[Round "8"]
[White "Antova, Gabriela"]
[Black "Bulatova, Kamaliya"]
[Result "0-1"]
[WhiteElo "2293"]
[BlackElo "2043"]
[Annotator "TA"]
[PlyCount "104"]
[EventDate "2018.08.20"]
[EventType "swiss"]
[EventCountry "LAT"]
[SourceTitle "playchess.com"]
[Source "ChessBase"]
[SourceQuality "1"]

{[%evp 20,104,11,12,27,19,43,19,37,10,27,12,24,-34,-21,-27,-22,-27,-19,-52,-9,-34,-33,-58,-44,-67,-64,-78,-60,-49,-49,-50,-60,-64,-63,-64,-49,-66,-56,-82,-110,-128,-130,-137,-129,-135,-131,-195,-148,-188,-166,-237,-231,-295,-295,-286,-286,-343,-283,-531,-525,-522,-493,-738,-738,-847,-705,-1370,-1365,-1060,-1000,-29974,-29975,-29980,-29981,-29980,-29982,-29982,-29983,-29983,-29983,-29982,-29983,-29982,-29983,-29984,-29985]} 1. d4 Nf6 2. c4 e6 3. Nf3 d5 4. e3 Bb4+ 5. Nbd2 O-O 6. a3 Bxd2+ {E11: Damenindisch (Bogoljubow-Variante)} (6... Be7 7. b3 b6 8. Bb2 Bb7 9. Bd3 Ne4 10. Qc2 f5 11. Rc1 c6 12. Ne5 Nxd2 13. Qxd2 Nd7 14. Nxd7 Qxd7 {0-1 (45) Dreev,A (2644)-Bartel,M (2622) Berlin 2015}) 7. Bxd2 b6 8. Bd3 dxc4 $146 ({Vorgänger:} 8... Bb7 9. O-O Nbd7 10. b4 dxc4 11. Bxc4 Ne4 12. Be1 Qe7 13. Rc1 Rfd8 14. Qe2 a6 15. Bd3 Rdc8 16. Ne5 Nxe5 17. dxe5 {½-½ (43) Berend,E (2370)-Polaczek,R (2427) Luxembourg 2014}) 9. Bxc4 Bb7 10. O-O Nbd7 11. Qe2 {LiveBook: 4 Partien} Ne4 12. Be1 Qe7 13. Rc1 a5 14. Nd2 Nd6 15. Bd3 c5 16. f4 ({Besser ist} 16. f3 $11) 16... cxd4 17. exd4 Qf6 18. Bf2 Rac8 19. Rcd1 Bd5 20. Qh5 {[%csl Gd3][%cal Rh5h7] [#]} (20. Nf3 {seems wilder.} Qh6 21. Ne5 Nf6 22. Be3 Qh4 23. f5) 20... g6 21. Qh3 Qg7 22. Nf3 Nf6 23. Bh4 Rc7 24. Ne5 Nfe4 25. Rc1 f6 26. Rxc7 Qxc7 27. Ng4 h5 28. Ne3 Nf5 29. Nxd5 exd5 {[%cal Be6d5,Bd5e4][%mdl 32]} 30. Be1 Nxd4 31. Bxe4 dxe4 32. Qe3 Qc4 33. Rf2 (33. Bc3 $17 {kämpft weiter.} Ne2+ 34. Kf2 Nxc3 35. Rc1) 33... Nf5 $19 34. Qxb6 e3 35. Rf3 (35. Rf1 $142) 35... a4 36. Rxe3 Nxe3 37. Qxe3 {[%mdl 4096] Endspiel KDT-KDL} Rd8 38. h3 Qd4 39. Qxd4 $2 (39. Qf2) 39... Rxd4 {KT-KL} 40. g3 Kf7 41. Bc3 (41. Kg2 $142 h4 42. f5) 41... Rd3 42. Kg2 f5 43. h4 Ke6 44. Kf2 Kd5 45. Be1 Rb3 {Schwarz setzt Matt.} 46. Bc3 {[#]} Rxc3 $1 {[%mdl 512]} 47. bxc3 {KB-KB} Kc4 48. Ke2 Kxc3 49. Ke3 Kb3 50. Kd3 Kxa3 51. Kc3 Ka2 52. Kc2 a3 {Precision: Weiß = 22%, Schwarz = 71%.} 0-1

[Event "EYCC Girls U16 2018"]
[Site "Riga"]
[Date "2018.08.28"]
[Round "8"]
[White "Goltseva, Ekaterina"]
[Black "Kocyigit, Buse Naz"]
[Result "1-0"]
[WhiteElo "2185"]
[BlackElo "1950"]
[Annotator "TA"]
[PlyCount "61"]
[EventDate "2018.08.20"]
[EventType "swiss"]
[EventCountry "LAT"]
[SourceTitle "playchess.com"]
[Source "ChessBase"]
[SourceQuality "1"]

{[%evp 15,61,27,47,4,0,-3,0,-8,0,0,30,38,58,45,52,41,45,47,37,48,133,147,297,290,270,278,318,262,306,311,508,506,516,511,508,485,502,497,570,618,563,614,564,577,1047,1025,964,960]} 1. d4 d5 2. c4 c6 3. Nf3 Nf6 4. e3 g6 5. Nc3 Bg7 6. Be2 O-O 7. O-O e6 8. b3 b6 {LiveBook: 11 Partien. D94: Grünfeldindisch (Geschlossenes System)} 9. a4 a5 10. Ba3 Re8 $1 {Die Stellung ist ausgeglichen.} 11. Ne5 Bb7 12. Rc1 Nbd7 13. f4 {[#]} Rc8 $146 ({Vorgänger:} 13... Bf8 14. Bxf8 Nxf8 15. Bf3 Rc8 16. Qd2 {1-0 (47) Tomashevsky,E (2714)-Van Foreest,J (2631) Berlin 2018}) 14. Bf3 Nxe5 15. fxe5 Nd7 16. cxd5 exd5 17. Bg4 $36 {[%mdl 2048] Weiss steht aktiver.} Rb8 {[#]} (17... f5 $14) 18. Bd6 $1 $16 ({Viel schlechter ist} 18. Qf3 $6 f5 $11) 18... Ra8 (18... Ba6 $16) 19. Bxd7 $18 ({Minderwertig wäre} 19. Qf3 f5 $11) 19... Qxd7 {[#]} 20. Nxd5 $1 {[%mdl 512]} cxd5 21. Rc7 Qxc7 22. Bxc7 Re6 $2 (22... Ba6 23. Rf2 (23. Bxb6 Bxf1 24. Qxf1 Rab8 $16) 23... Rec8) 23. Qf3 {Weiß steht klar auf Gewinn.} f5 24. exf6 Rxf6 25. Qg4 Bc8 26. Qg5 Bf5 27. g4 {[%cal Bg2g4,Bg4f5,Bf5f6][%mdl 32]} h6 28. Qh4 g5 29. Qh3 Rc6 30. gxf5 Rxc7 31. f6 {Precision: Weiß = 87%, Schwarz = 38%.} 1-0

[Event "EYCC Girls U16 2018"]
[Site "Riga"]
[Date "2018.08.28"]
[Round "8"]
[White "Beydullayeva, Govhar"]
[Black "Shpanko, Nadiia"]
[Result "1-0"]
[WhiteElo "2184"]
[BlackElo "2176"]
[Annotator "TA"]
[PlyCount "101"]
[EventDate "2018.08.20"]
[EventType "swiss"]
[EventCountry "LAT"]
[SourceTitle "playchess.com"]
[Source "ChessBase"]
[SourceQuality "1"]

{[%evp 30,101,0,0,11,-12,13,8,11,0,107,111,152,116,114,100,327,358,348,304,282,212,178,25,26,16,15,14,49,0,52,24,61,0,0,0,0,0,0,5,0,0,0,0,0,2,8,8,36,36,40,0,12842,6223,29940,12843,29976,29977,29977,29978,29977,29966,6462,6195,29972,313,29975,29977,29981,29982,29981,29982,29980,29976]} 1. Nf3 Nf6 2. c4 e6 3. g3 d5 4. Bg2 Be7 5. d4 O-O 6. O-O dxc4 7. Qc2 a6 8. a4 Bd7 9. Rd1 Bc6 10. Nc3 Bxf3 11. Bxf3 Nc6 12. Bxc6 bxc6 13. a5 Rb8 {E05: Open Catalan: 5 Nf3 Be7} 14. Ra4 Rb4 15. Na2 Rxa4 16. Qxa4 {LiveBook: 14 Games} h6 (16... Qb8 17. Qxc4 Qb5 18. Qxb5 cxb5 19. Be3 Nd5 20. Rc1 Rc8 21. Rc6 {½-½ (52) Grigoriants,S (2576)-Nakamura,H (2786) chess.com INT 2017}) 17. Nc3 Nd5 $146 ({Predecessor:} 17... Qa8 18. Qxc4 Rb8 19. Na4 Rb4 20. Qc2 Qb7 21. Rd3 {½-½ (40) Nguyen,V (2452)-Turqueza,M (2243) Ho Chi Minh City 2015}) 18. Qxc4 Nxc3 19. bxc3 {[%cal Bb2c3,Bc3c4][%mdl 32]} Qd5 (19... Qa8 $11 {keeps the balance.}) 20. Qxa6 $16 c5 21. Bf4 Ra8 22. Qb5 Bd6 $2 (22... cxd4 $16 23. Qxd5 exd5) 23. c4 $18 Qe4 24. Bxd6 cxd6 25. dxc5 Qxe2 {[%mdl 4096] Endgame KQR-KQR} 26. Rf1 $2 (26. Rxd6 $18 Qe1+ 27. Kg2 Qe4+ 28. Kf1 Qh1+ 29. Ke2 Qe4+ 30. Kd2) 26... dxc5 $11 27. Ra1 Qe5 28. Qb1 Ra6 29. Ra3 g5 (29... Qe2 $11) 30. Kg2 {Black must now prevent Qb7.} Qd4 31. Qb8+ (31. Rf3 $14 Qd7 32. Ra3) 31... Kg7 32. Qb7 {And now Rf3 would win.} Qxc4 {...Qd5+ is the strong threat.} 33. Rf3 e5 {[#]} 34. Rxf7+ $1 {[%mdl 512]} Qxf7 35. Qxa6 {Threatens to win with Qd6. KQ-KQ} Qd5+ 36. Kg1 Qd1+ 37. Qf1 Qa4 38. Qe1 Kf6 39. Qc3 c4 40. Kg2 Qb3 $2 {[%mdl 8192]} (40... Ke6 $11) 41. Qf3+ $18 Kg6 42. Qc6+ Kf5 43. a6 e4 44. Qd5+ Kf6 45. Qxe4 Qa4 46. Qd4+ Kf7 47. Qa7+ $2 (47. Qd5+ {mates} Kf6 48. Qd4+ Kf7 49. Qa7+ Kf6 50. Qb6+ Kf5 {[#]} 51. g4+ $1 {[%mdl 512]} Kxg4 52. a7) 47... Kf6 $2 (47... Ke6 $18 48. Qb6+ Kf5 49. g4+ Kxg4) 48. Qb6+ {White mates.} Ke5 49. a7 c3 50. Qb8+ Kd4 51. a8=Q {Precision: White = 64%, Black = 33%.} 1-0